000 00465nam a22001697a 4500
999 _c28034
_d28033
003 OSt
005 20201214102924.0
008 201214b ||||| |||| 00| 0 eng d
020 _a9780176432911
040 _aMMU
_beng
_cMMU
_dMMU
050 _aQA76.9.C667 2007.
245 _aExploring the basics of microsoft windows xp:
_bInvestigating the windows xp/
260 _aCanada:
_bThomson,
_c2007.
300 _a299,;
650 _amicrosoft
942 _2lcc
_cLOAN LOAN